| 000 | 00712nam a22001577a 4500 | ||
|---|---|---|---|
| 003 | OSt | ||
| 005 | 20150921170243.0 | ||
| 008 | 150921b xxu||||| |||| 00| 0 eng d | ||
| 040 | _cRUA | ||
| 082 | _aAGR CHH 2008 B035 Or.1 | ||
| 100 |
_91050 _aCHHOUN MONORUM |
||
| 245 | _aComparison of using fertilizer on IR66 rice variety in the dry season in kandal province,(ការប្រៀបធៀបការប្រើប្រាស់ជីទៅលើពូជស្រូវអ៊ីអ៊ែរ៦៦ក្នុងលក្ខខណ្ឋរដូវប្រាំងនៅក្នុងខេត្តកណ្ដាល) | ||
| 260 |
_aphnom penh _bRUA _c2008 |
||
| 300 | _axi,49p. | ||
| 942 |
_2ddc _cAGR |
||
| 999 |
_c1009 _d1009 |
||